| 000 | 01174nam a2200217Ia 4500 | ||
|---|---|---|---|
| 999 |
_c39727 _d39727 |
||
| 001 | 6332 | ||
| 003 | GE_BSU | ||
| 005 | 20190627154302.0 | ||
| 008 | 181216s1978||||ge |||||||||||||| ||geo|| | ||
| 041 | _ageo | ||
| 080 | _a62-83 კ-41 | ||
| 100 |
_aკერვალიშვილი, ო. _92982 |
||
| 245 |
_aკითხვები და ამოცანები ელექტროამძრავის კურსში დაპროგრამებული სწავლებისათვის :სახელმძღვ. / _cო. კერვალიშვილი ; რედ : ი.გოგუაძე. |
||
| 264 |
_aთბილისი : _bგანათლება, _c1978. |
||
| 300 |
_a171 გვ .: _c20 სმ. |
||
| 504 | _aბიბლიოგრ.: გვ.170 | ||
| 653 | _aკითხვები და ამოცანები ელექტროამძრავის კურსში დაპროგრამებული სწავლებისათვის | ||
| 653 | _aტექნიკა | ||
| 700 |
_aგოგუაძე, ი _eრედაქტორი _92997 |
||
| 942 |
_cBK _2udc |
||